000 00649nam a2200265Ia 4500
005 20260121165850.0
008 008 260114s9999 xx 000 0 eng d
020 _a9783319612973
037 _aEBOOK
040 _aCRL
040 _beng
040 _cCRL
041 _2eng
041 _aeng
084 _qCRL
100 _aIgor Ivan, Ji?í Horák, Tomáš Inspektor
_91056985
245 0 _aDynamics in GIscience
260 _bSpringer
260 _bSpringer
260 _c2018
856 _uhttps://link.springer.com/openurl?genre=book&isbn=978-3-319-61297-3
942 _cEBOOK
999 _c1622713
_d1622713